[Event "III Memorial Oliver Gonzalez (Torneo A)"]
[Site "Polideportivo Daoiz y Velarde,"]
[Date "2012.09.08"]
[Round "8"]
[White "De La Orden Alcocer, Alejandro"]
[Black "Lopez Moll, Jose Manuel"]
[Result "1-0"]
[WhiteElo "1857"]
[BlackElo "1991"]
[PlyCount "53"]
[EventDate "2012.09.01"]
[EventRounds "9"]
[EventCountry "ESP"]

1. c4 d6 2. Nc3 e5 3. Nf3 f5 4. d3 Nf6 5. g3 g6 6. Bg2 Bg7 7. Bd2 O-O 8. Qc1 f4
9. gxf4 Nh5 10. fxe5 dxe5 11. Bg5 Qd7 12. Nd5 Rf7 13. Qd2 c6 14. Nc3 Nf4 15.
Bxf4 Rxf4 16. O-O-O b5 17. cxb5 Bb7 18. Qe3 Qc7 19. Ng5 Bh6 20. h4 Qe7 21. bxc6
Nxc6 22. Nd5 Qd6 23. Nxf4 exf4 24. Qd2 Rc8 25. Kb1 Rb8 26. Qc3 Nd4 27. Bxb7 1-0

[Event "III Memorial Oliver Gonzalez (Torneo A)"]
[Site "Polideportivo Daoiz y Velarde,"]
[Date "2012.09.08"]
[Round "8"]
[White "Dierssen Garcia-Barredo, Guill"]
[Black "Corisco Beltran, Rafael"]
[Result "1-0"]
[WhiteElo "1862"]
[BlackElo "1979"]
[PlyCount "49"]
[EventDate "2012.09.01"]
[EventRounds "9"]
[EventCountry "ESP"]

1. e4 c5 2. Nc3 Nc6 3. g3 g6 4. Bg2 Bg7 5. d3 e6 6. Be3 d6 7. Qd2 Nd4 8. Nd1 b5
9. c3 Nc6 10. Ne2 Bb7 11. O-O Nge7 12. Bh6 O-O 13. Bxg7 Kxg7 14. d4 Qc7 15. Ne3
f5 16. d5 Nd8 17. Rad1 e5 18. f4 exf4 19. Nxf4 fxe4 20. Ng4 Nf5 21. Bxe4 Bc8
22. Rde1 Nf7 23. Ne6+ Bxe6 24. dxe6 Ne5 25. Nxe5 1-0

[Event "III Memorial Oliver Gonzalez (Torneo A)"]
[Site "Polideportivo Daoiz y Velarde,"]
[Date "2012.09.08"]
[Round "8"]
[White "Garcia-Ruiz Fuentes, Angel M"]
[Black "Largo Barbero, Benito"]
[Result "1-0"]
[WhiteElo "1943"]
[BlackElo "1885"]
[PlyCount "91"]
[EventDate "2012.09.01"]
[EventRounds "9"]
[EventCountry "ESP"]

1. e4 g6 2. d4 Bg7 3. Nc3 d6 4. Be3 a6 5. Qd2 Nd7 6. Bc4 h6 7. Nge2 b5 8. Bb3
Nb6 9. Qd3 Bd7 10. a4 b4 11. Nb1 a5 12. Nd2 Nf6 13. f3 Bc8 14. c3 Ba6 15. Qc2
bxc3 16. Qxc3 Nfd7 17. Qc6 O-O 18. Nf4 Kh7 19. Nd5 Rc8 20. Rc1 Nb8 21. Qc2 e6
22. Nc3 Qe7 23. Ne2 N8d7 24. Nc4 Nxc4 25. Bxc4 Bxc4 26. Qxc4 c5 27. Qa6 Ra8 28.
Qd3 cxd4 29. Bxd4 Ne5 30. Qd1 Rac8 31. O-O h5 32. b3 Rxc1 33. Qxc1 Qb7 34. Qe3
Rc8 35. h3 Bh6 36. f4 f5 37. exf5 gxf5 38. Bxe5 dxe5 39. Qxe5 Rg8 40. Rf2 Qxb3
41. Nd4 Qc3 42. Rc2 Qa1+ 43. Kh2 Qf1 44. Nxe6 Bf8 45. Nxf8+ Rxf8 46. Rc7+ 1-0

[Event "III Memorial Oliver Gonzalez (Torneo A)"]
[Site "Polideportivo Daoiz y Velarde,"]
[Date "2012.09.08"]
[Round "8"]
[White "Veiga Rodriguez, Pablo"]
[Black "Lopez Ziegler, Carlos"]
[Result "1/2-1/2"]
[WhiteElo "1602"]
[BlackElo "1918"]
[PlyCount "97"]
[EventDate "2012.09.01"]
[EventRounds "9"]
[EventCountry "ESP"]

1. e4 Nf6 2. e5 Nd5 3. d4 d6 4. Nf3 dxe5 5. Nxe5 Nd7 6. Nxf7 Kxf7 7. Qh5+ g6 8.
Qxd5+ e6 9. Qf3+ Qf6 10. Be2 Bg7 11. c3 c5 12. Qxf6+ Bxf6 13. dxc5 Nxc5 14. Be3
Na4 15. Bc1 Bd7 16. O-O b5 17. Bd1 b4 18. Bxa4 Bxa4 19. cxb4 Rac8 20. Nc3 Rxc3
21. bxc3 Bxc3 22. Rb1 Bc2 23. Bb2 Bxb1 24. Bxc3 Rc8 25. Rxb1 Rxc3 26. a4 Ra3
27. a5 Kf6 28. g3 h5 29. f4 Ra2 30. Rc1 Rb2 31. Rc4 Kf5 32. h3 a6 33. Kh1 Kf6
34. g4 h4 35. f5 exf5 36. gxf5 g5 37. Rc6+ Kxf5 38. Rxa6 Rxb4 39. Rb6 Ra4 40.
Rb5+ Kf4 41. Kg2 Ra2+ 42. Kf1 Ra3 43. Kg2 Ra2+ 44. Kg1 Ra1+ 45. Kg2 Ra4 46. Rc5
g4 47. hxg4 Kxg4 48. a6 Ra2+ 49. Kg1 1/2-1/2

[Event "III Memorial Oliver Gonzalez (Torneo A)"]
[Site "Polideportivo Daoiz y Velarde,"]
[Date "2012.09.09"]
[Round "9"]
[White "Moreno Ruiz, Javier"]
[Black "Hernandez Carmenates, Holden"]
[Result "0-1"]
[WhiteElo "2492"]
[BlackElo "2561"]
[PlyCount "78"]
[EventDate "2012.09.01"]
[EventRounds "9"]
[EventCountry "ESP"]

1. d4 Nf6 2. c4 e6 3. Nc3 Bb4 4. Qc2 O-O 5. a3 Bxc3+ 6. Qxc3 Qe8 7. f3 d5 8. e3
c6 9. b3 Nbd7 10. Bb2 Qd8 11. Bd3 Re8 12. f4 Ng4 13. Bc2 b5 14. Nf3 bxc4 15.
bxc4 Ba6 16. c5 Rb8 17. Rb1 f5 18. g3 Ngf6 19. Nd2 Ne4 20. Nxe4 fxe4 21. Kd2
Nf6 22. Ba1 Qc7 23. Rxb8 Rxb8 24. h3 h5 25. Rb1 Rxb1 26. Bxb1 Bf1 27. h4 Bd3
28. Bc2 Bxc2 29. Kxc2 Ng4 30. Qb3 Kh7 31. Bb2 Qa5 32. Bc1 Qa6 33. Bd2 Nf2 34.
Qb8 Qd3+ 35. Kc1 Qxa3+ 36. Kc2 Qa2+ 37. Kc1 Qa4 38. Kb2 Nd3+ 39. Kc3 Qc4# 0-1

[Event "III Memorial Oliver Gonzalez (Torneo A)"]
[Site "Polideportivo Daoiz y Velarde,"]
[Date "2012.09.09"]
[Round "9"]
[White "Forcen Esteban, Daniel"]
[Black "Fedorchuk, Sergey A"]
[Result "0-1"]
[WhiteElo "2469"]
[BlackElo "2646"]
[PlyCount "60"]
[EventDate "2012.09.01"]
[EventRounds "9"]
[EventCountry "ESP"]

1. e4 c5 2. Nf3 e6 3. d4 cxd4 4. Nxd4 a6 5. Nc3 Qc7 6. g3 Bb4 7. Bd2 Nf6 8. Bg2
Nc6 9. Nb3 Be7 10. O-O d6 11. f4 Rb8 12. g4 b5 13. g5 Nd7 14. a3 Nb6 15. f5 Nc4
16. f6 gxf6 17. gxf6 Bf8 18. Qh5 Nxb2 19. Bh6 Bxh6 20. Qxh6 Nc4 21. Qg7 Rf8 22.
Rf3 N6e5 23. Rh3 Bb7 24. Kh1 Kd7 25. Nd4 Qc5 26. Rd1 Rg8 27. Qxh7 Rg6 28. Nxe6
Qf2 29. Rg1 Kxe6 30. Nd1 Qxf6 0-1

[Event "III Memorial Oliver Gonzalez (Torneo A)"]
[Site "Polideportivo Daoiz y Velarde,"]
[Date "2012.09.09"]
[Round "9"]
[White "Anton Guijarro, David"]
[Black "Lariño Nieto, David"]
[Result "1/2-1/2"]
[WhiteElo "2546"]
[BlackElo "2487"]
[PlyCount "91"]
[EventDate "2012.09.01"]
[EventRounds "9"]
[EventCountry "ESP"]

1. Nf3 d5 2. g3 c5 3. Bg2 Nc6 4. O-O Nf6 5. d3 e5 6. Nbd2 Be7 7. e4 O-O 8. c3
Qc7 9. exd5 Nxd5 10. Nc4 Rd8 11. Qe2 f6 12. a4 Bf8 13. a5 Be6 14. Nh4 Qd7 15.
Ne3 a6 16. Nc4 Qf7 17. Be4 g6 18. Bg2 Re8 19. Re1 Rad8 20. Nf3 Bf5 21. Ncd2 Qc7
22. Nh4 Be6 23. Ne4 Be7 24. Bh6 Nxa5 25. f4 Nc6 26. f5 gxf5 27. Bh3 Qd7 28. Rf1
fxe4 29. Nf5 Bf8 30. dxe4 Nc7 31. Bxf8 Rxf8 32. Rad1 Qe8 33. Rxd8 Nxd8 34. Rd1
Bxf5 35. Bxf5 Rf7 36. Qh5 Nde6 37. Rd6 Nf8 38. Qd1 Qe7 39. Rd8 Nce6 40. Qg4+
Ng7 41. Ra8 Qd6 42. h4 h5 43. Qg6 Qd1+ 44. Kh2 Qe2+ 45. Kg1 Qe1+ 46. Kg2
1/2-1/2

[Event "III Memorial Oliver Gonzalez (Torneo A)"]
[Site "Polideportivo Daoiz y Velarde,"]
[Date "2012.09.09"]
[Round "9"]
[White "Moreno Tejera, Emilio"]
[Black "Narciso Dublan, Marc"]
[Result "1-0"]
[WhiteElo "2358"]
[BlackElo "2523"]
[PlyCount "89"]
[EventDate "2012.09.01"]
[EventRounds "9"]
[EventCountry "ESP"]

1. e4 e5 2. Nf3 Nc6 3. Bb5 a6 4. Ba4 Nf6 5. d3 d6 6. c3 g6 7. O-O Bg7 8. Re1
O-O 9. Nbd2 h6 10. Nf1 b5 11. Bc2 d5 12. Bd2 Be6 13. a4 Qd6 14. h3 b4 15. Qc1
bxc3 16. bxc3 Kh7 17. a5 Rab8 18. Ne3 dxe4 19. dxe4 Bb3 20. Bb1 Qc5 21. c4 Nd4
22. Nxd4 exd4 23. Nd5 Qxc4 24. Nxf6+ Bxf6 25. Qxc4 Bxc4 26. e5 Bg7 27. Ra4 Bb5
28. Rxd4 Rfe8 29. Rf4 Re7 30. Bb4 Rd7 31. Ba2 Re8 32. Rfe4 Bd3 33. R4e3 Bf5 34.
Bc4 Ra8 35. e6 Bxe6 36. Bxe6 fxe6 37. Rxe6 Rd4 38. Bc3 Rc4 39. Bxg7 Kxg7 40.
Re7+ Kf6 41. R1e6+ Kg5 42. Rg7 h5 43. Rgxg6+ Kf5 44. Rgf6+ Kg5 45. g3 1-0

[Event "III Memorial Oliver Gonzalez (Torneo A)"]
[Site "Polideportivo Daoiz y Velarde,"]
[Date "2012.09.09"]
[Round "9"]
[White "Ortega Ruiz, Jose M"]
[Black "Arribas Lopez, Angel"]
[Result "0-1"]
[WhiteElo "2300"]
[BlackElo "2467"]
[PlyCount "52"]
[EventDate "2012.09.01"]
[EventRounds "9"]
[EventCountry "ESP"]

1. d4 e6 2. e4 d5 3. e5 c5 4. c3 Qb6 5. Nf3 Nc6 6. Bd3 Bd7 7. O-O Nh6 8. dxc5
Bxc5 9. b4 Be7 10. a4 Ng4 11. Qe2 f6 12. exf6 Bxf6 13. Ng5 Nce5 14. Bb5 Bxb5
15. axb5 Qd6 16. f4 O-O 17. Nh3 d4 18. Bd2 Rac8 19. Na3 dxc3 20. fxe5 Bxe5 21.
Rxf8+ Rxf8 22. Qxg4 cxd2 23. Rd1 Qd4+ 24. Qxd4 Bxd4+ 25. Kh1 Rc8 26. g3 Rc1 0-1

[Event "III Memorial Oliver Gonzalez (Torneo A)"]
[Site "Polideportivo Daoiz y Velarde,"]
[Date "2012.09.09"]
[Round "9"]
[White "Silva Rodriguez, Julio"]
[Black "Almagro Llamas, Pablo"]
[Result "0-1"]
[WhiteElo "2102"]
[BlackElo "2455"]
[PlyCount "78"]
[EventDate "2012.09.01"]
[EventRounds "9"]
[EventCountry "ESP"]

1. e4 c6 2. d4 d5 3. e5 Bf5 4. Nf3 e6 5. Be2 Ne7 6. O-O Nc8 7. Be3 Be7 8. Nbd2
O-O 9. c3 Nd7 10. Ne1 f6 11. f4 Qb6 12. Qb3 fxe5 13. fxe5 c5 14. Rxf5 Rxf5 15.
Bg4 c4 16. Qa4 Nf8 17. b3 Bg5 18. Bxg5 Rxg5 19. Bh3 Rxe5 20. Nef3 Re3 21. bxc4
Rxc3 22. Rb1 Qc7 23. Qb4 Rd3 24. cxd5 exd5 25. Qb5 Re3 26. Qxd5+ Qf7 27. Qg5
Re7 28. Rf1 h6 29. Qg3 Qd5 30. Nb3 a5 31. Qh4 {(=)} Re4 32. Qg3 Nd6 33. Nc5 Re7
34. Qh4 Rae8 35. Bg4 Ng6 36. Qg3 Ne4 37. Nxe4 Rxe4 38. h3 Nf4 39. Qf2 Re2 0-1

[Event "III Memorial Oliver Gonzalez (Torneo A)"]
[Site "Polideportivo Daoiz y Velarde,"]
[Date "2012.09.09"]
[Round "9"]
[White "Vazquez Torres, Adrian"]
[Black "Komljenovic, Davorin"]
[Result "1-0"]
[WhiteElo "2149"]
[BlackElo "2446"]
[PlyCount "55"]
[EventDate "2012.09.01"]
[EventRounds "9"]
[EventCountry "ESP"]

1. e4 g6 2. d4 Bg7 3. Nf3 d6 4. Bc4 e6 5. O-O Ne7 6. Nc3 O-O 7. Re1 a6 8. a4 b6
9. Qe2 Bb7 10. Bg5 h6 11. Bh4 Nd7 12. Rad1 Nf6 13. e5 Nh5 14. d5 Nf4 15. Qe3 g5
16. Nxg5 hxg5 17. Bxg5 Nxg2 18. Qg3 Nxe1 19. Rxe1 Nf5 20. Qg4 f6 21. exf6 Rxf6
22. dxe6 Kh8 23. e7 Qe8 24. Bxf6 Bxf6 25. Qxf5 Kg7 26. Bd3 Be5 27. Qg5+ Kh8 28.
Qh6+ 1-0

[Event "III Memorial Oliver Gonzalez (Torneo A)"]
[Site "Polideportivo Daoiz y Velarde,"]
[Date "2012.09.09"]
[Round "9"]
[White "Solaesa Navalpotro, Luis Julio"]
[Black "Chueca Forcen, Alberto"]
[Result "1/2-1/2"]
[WhiteElo "2235"]
[BlackElo "2313"]
[PlyCount "94"]
[EventDate "2012.09.01"]
[EventRounds "9"]
[EventCountry "ESP"]

1. d4 e6 2. Nf3 f5 3. d5 Bb4+ 4. c3 Bd6 5. dxe6 dxe6 6. Nbd2 Nf6 7. e4 Nc6 8.
exf5 exf5 9. Nc4 Bc5 10. Qxd8+ Nxd8 11. Be3 Ne6 12. Bd3 Bxe3 13. Nxe3 Nf4 14.
Bc2 Ng4 15. O-O O-O 16. Rfe1 g6 17. Bb3+ Kg7 18. Rad1 Nf6 19. Rd4 Ne4 20. Nd5
Ne6 21. Rdd1 c6 22. Ne7 N6c5 23. Nxc8 Nxb3 24. Nd6 Nbc5 25. Nxe4 Nxe4 26. Rd4
Rae8 27. Kf1 Kf6 28. Nd2 Nxd2+ 29. Rxd2 Rxe1+ 30. Kxe1 Re8+ 31. Re2 Rd8 32. Rd2
Re8+ 33. Re2 Rxe2+ 34. Kxe2 Ke5 35. Ke3 g5 36. f3 a5 37. g3 b5 38. Kd3 a4 39.
b3 axb3 40. axb3 Kd5 41. f4 g4 42. c4+ bxc4+ 43. bxc4+ Kc5 44. Kc3 h6 45. Kd3
Kd6 46. Kd4 c5+ 47. Kc3 Kc6 1/2-1/2

[Event "III Memorial Oliver Gonzalez (Torneo A)"]
[Site "Polideportivo Daoiz y Velarde,"]
[Date "2012.09.09"]
[Round "9"]
[White "Aranaz Murillo, Amalia"]
[Black "Horvath, Adam"]
[Result "0-1"]
[WhiteElo "2213"]
[BlackElo "2495"]
[PlyCount "100"]
[EventDate "2012.09.01"]
[EventRounds "9"]
[EventCountry "ESP"]

1. Nf3 Nf6 2. c4 e6 3. g3 d5 4. Bg2 dxc4 5. Qa4+ Nbd7 6. Qxc4 a6 7. Qc2 Rb8 8.
O-O Be7 9. Nc3 b5 10. Nd4 Ne5 11. Nc6 Nxc6 12. Bxc6+ Bd7 13. Bg2 c5 14. Rd1 Qb6
15. a4 O-O 16. d3 Rbc8 17. axb5 axb5 18. Qb3 h6 19. Bd2 Ng4 20. Be1 Ne5 21. Qa2
Nc6 22. Qa6 Qxa6 23. Rxa6 b4 24. Ne4 f5 25. Nd2 Nd4 26. Ra7 Rcd8 27. Nc4 Bf6
28. Kf1 Bb5 29. Rb1 Bxc4 30. dxc4 Nb3 31. Bc6 Nd2+ 32. Bxd2 Rxd2 33. Bd7 Rd6
34. Ba4 Rfd8 35. Rc7 Rd2 36. Rxc5 Bxb2 37. Rb5 Bc3 38. c5 Rc8 39. c6 Kf7 40.
Rb7+ Kf6 41. Bb5 Rd5 42. Ba4 Ra8 43. Bb5 Rc5 44. Rd1 b3 45. Rdd7 b2 46. Bd3
Rxc6 47. Rxg7 Ra1+ 48. Kg2 b1=Q 49. Rgf7+ Kg6 50. Bxb1 Rxb1 0-1

[Event "III Memorial Oliver Gonzalez (Torneo A)"]
[Site "Polideportivo Daoiz y Velarde,"]
[Date "2012.09.09"]
[Round "9"]
[White "Valles Moreno, Ivan"]
[Black "Martin Rueda, Daniel"]
[Result "1-0"]
[WhiteElo "2385"]
[BlackElo "2297"]
[PlyCount "65"]
[EventDate "2012.09.01"]
[EventRounds "9"]
[EventCountry "ESP"]

1. e4 c5 2. Nf3 e6 3. d4 cxd4 4. Nxd4 a6 5. Be2 Nf6 6. Nc3 d6 7. a4 b6 8. Bf3
Ra7 9. Be3 Rc7 10. O-O Be7 11. Qe2 O-O 12. Rad1 Nbd7 13. g4 h6 14. Bg2 Bb7 15.
Bc1 Qa8 16. Rfe1 Rfc8 17. f4 Rxc3 18. bxc3 Nc5 19. g5 hxg5 20. fxg5 Nfxe4 21.
g6 Nxc3 22. gxf7+ Kxf7 23. Qh5+ Kg8 24. Nf5 Bf8 25. Bxb7 Qxb7 26. Nxd6 Bxd6 27.
Rxd6 Rf8 28. Rd4 Qc6 29. Rh4 Rf6 30. Qh8+ Kf7 31. Rg4 e5 32. Rxg7+ Ke6 33. Qh3+
1-0

[Event "III Memorial Oliver Gonzalez (Torneo A)"]
[Site "Polideportivo Daoiz y Velarde,"]
[Date "2012.09.09"]
[Round "9"]
[White "Elissalt Cardenas, Hector"]
[Black "Garcia Salamero, Gabriel"]
[Result "1/2-1/2"]
[WhiteElo "2353"]
[BlackElo "2239"]
[PlyCount "61"]
[EventDate "2012.09.01"]
[EventRounds "9"]
[EventCountry "ESP"]

1. d4 d5 2. c4 e6 3. Nc3 Be7 4. Nf3 Nf6 5. Bg5 O-O 6. e3 b6 7. Rc1 c6 8. Be2
Bb7 9. O-O Nbd7 10. Qb3 h6 11. Bh4 Ne4 12. Bxe7 Qxe7 13. Nxe4 dxe4 14. Nd2 f5
15. f3 exf3 16. Bxf3 Kh8 17. Qa3 Qxa3 18. bxa3 Nf6 19. Rb1 Rab8 20. Rfc1 Rfc8
21. c5 b5 22. Nb3 Nd5 23. Kf2 a6 24. h4 g6 25. g3 Kg7 26. Bxd5 exd5 27. Rh1 Rc7
28. Nc1 Re8 29. Nd3 h5 30. Ne5 Kf6 31. Kf3 1/2-1/2

[Event "III Memorial Oliver Gonzalez (Torneo A)"]
[Site "Polideportivo Daoiz y Velarde,"]
[Date "2012.09.09"]
[Round "9"]
[White "Remolar Gallen, Jose"]
[Black "Adan Bermudez, Sergio"]
[Result "1-0"]
[WhiteElo "2137"]
[BlackElo "2308"]
[PlyCount "123"]
[EventDate "2012.09.01"]
[EventRounds "9"]
[EventCountry "ESP"]

1. e4 d6 2. d4 g6 3. Nc3 Bg7 4. h4 Nf6 5. Be2 h5 6. Nf3 a6 7. O-O O-O 8. Ng5 e6
9. f4 Nc6 10. e5 Nh7 11. Be3 Ne7 12. Nce4 Nf5 13. Bf2 Bd7 14. g4 hxg4 15. Bxg4
dxe5 16. fxe5 Bc6 17. Bf3 Nxg5 18. Nxg5 Bxf3 19. Nxf3 Bh6 20. Qd3 b5 21. a4 Qd7
22. axb5 axb5 23. Qe4 Qd5 24. Qxd5 exd5 25. Ng5 Bxg5 26. hxg5 Kg7 27. Kg2 Ne7
28. Bg3 Nf5 29. Bf2 b4 30. Rh1 Rfb8 31. Rxa8 Rxa8 32. Rh3 Ne7 33. e6 fxe6 34.
Bg3 Nc6 35. Bxc7 Ra1 36. Rb3 Rd1 37. c3 Rd3 38. Bd6 Kf7 39. Bxb4 Nxd4 40. Ra3
Rd2+ 41. Kh3 Nc6 42. Bd6 Ke8 43. b4 Kd7 44. Bc5 Rb2 45. Ra8 Rb3 46. Rg8 Rxc3+
47. Kg2 Ne5 48. Rg7+ Kc6 49. Re7 Nd3 50. Rxe6+ Kb5 51. Rb6+ Kc4 52. Be3 Nxb4
53. Bd2 Rc2 54. Rxb4+ Kc5 55. Rb8 Rxd2+ 56. Kf3 Rd3+ 57. Kf4 Ra3 58. Ke5 Ra6
59. Rd8 d4 60. Rd5+ Kc4 61. Rxd4+ Kc3 62. Rd6 1-0

[Event "III Memorial Oliver Gonzalez (Torneo A)"]
[Site "Polideportivo Daoiz y Velarde,"]
[Date "2012.09.09"]
[Round "9"]
[White "Collado Barbas, Laura"]
[Black "Perez Gonzalez, Jose Manuel"]
[Result "1/2-1/2"]
[WhiteElo "2149"]
[BlackElo "2333"]
[PlyCount "108"]
[EventDate "2012.09.01"]
[EventRounds "9"]
[EventCountry "ESP"]

1. d4 g6 2. c4 Bg7 3. Nf3 d6 4. e4 Nd7 5. h3 c5 6. d5 Ngf6 7. Nc3 b5 8. cxb5 a6
9. a4 O-O 10. Bd2 axb5 11. Bxb5 Ba6 12. Bxa6 Rxa6 13. O-O Qb6 14. Qe2 Rfa8 15.
b3 Ne8 16. Rab1 Nc7 17. Rfc1 Qb7 18. Na2 Rb6 19. Qd3 f5 20. exf5 Qxd5 21. Qe2
Qxf5 22. a5 Rb5 23. Qxe7 Qe6 24. Qh4 Qf5 25. Ng5 h6 26. Ne4 Ne8 27. Bxh6 Rbxa5
28. Bxg7 Kxg7 29. Nac3 Ndf6 30. Re1 Ng8 31. Ng5 Nef6 32. Rbd1 Re8 33. Nce4 Nxe4
34. Nxe4 d5 35. Ng5 Raa8 36. g4 Qf6 37. Qh7+ Kf8 38. h4 Rxe1+ 39. Rxe1 Ra1 40.
Ne6+ Qxe6 41. Rxa1 Qxg4+ 42. Kh2 Qf4+ 43. Kg2 Qe4+ 44. Kg1 Qg4+ 45. Kf1 Qh3+
46. Ke2 Qg4+ 47. f3 Qg2+ 48. Ke3 d4+ 49. Kd3 Qxf3+ 50. Kc2 Qc3+ 51. Kb1 Qxb3+
52. Kc1 Qc3+ 53. Kb1 Qb3+ 54. Kc1 Qc3+ 1/2-1/2

[Event "III Memorial Oliver Gonzalez (Torneo A)"]
[Site "Polideportivo Daoiz y Velarde,"]
[Date "2012.09.09"]
[Round "9"]
[White "Moreno Ibañez, Miguel"]
[Black "Jimenez Martinez, Jose Vicente"]
[Result "1-0"]
[WhiteElo "2093"]
[BlackElo "2277"]
[PlyCount "59"]
[EventDate "2012.09.01"]
[EventRounds "9"]
[EventCountry "ESP"]

1. e4 d6 2. d4 g6 3. Nc3 Bg7 4. f4 Nf6 5. Nf3 O-O 6. e5 Nfd7 7. h4 c5 8. e6
fxe6 9. Ng5 Nf6 10. dxc5 Nc6 11. cxd6 exd6 12. Bd3 d5 13. h5 gxh5 14. Qe2 e5
15. Nxd5 Nxd5 16. Bxh7+ Kh8 17. Rxh5 Rf6 18. fxe5 Nxe5 19. Qxe5 Nb6 20. Be3 Bg4
21. Nf7+ Rxf7 22. Bg6+ Kg8 23. Bxf7+ Kxf7 24. Qf4+ Kg8 25. Qxg4 Qe7 26. Rh3 Rd8
27. Rg3 Nd5 28. O-O-O Nxe3 29. Rxd8+ Kh7 30. Qg6# 1-0

[Event "III Memorial Oliver Gonzalez (Torneo A)"]
[Site "Polideportivo Daoiz y Velarde,"]
[Date "2012.09.09"]
[Round "9"]
[White "Spitzer Isbert, Ramon"]
[Black "Martin Duque, Jesus"]
[Result "0-1"]
[WhiteElo "2078"]
[BlackElo "2261"]
[PlyCount "72"]
[EventDate "2012.09.01"]
[EventRounds "9"]
[EventCountry "ESP"]

1. Nf3 Nf6 2. d4 d5 3. c4 c6 4. Nc3 dxc4 5. e4 b5 6. e5 Nd5 7. Ng5 h6 8. Nge4
e6 9. Be2 Nd7 10. O-O N7b6 11. a4 Bd7 12. a5 Nxc3 13. bxc3 Nd5 14. Ba3 Bxa3 15.
Rxa3 O-O 16. Qd2 Qe7 17. Raa1 f5 18. exf6 Nxf6 19. Nc5 Qd6 20. Rad1 Rae8 21. f4
Bc8 22. g3 Nd7 23. Ne4 Qc7 24. Bf3 Bb7 25. a6 Bxa6 26. Qe3 Bc8 27. Bh5 Re7 28.
Bg6 Nf6 29. Nc5 a5 30. Rde1 Nd5 31. Qf3 b4 32. Bc2 Nxc3 33. g4 Qd6 34. Re4 Ref7
35. h4 Rxf4 36. Rxf4 Rxf4 0-1

[Event "III Memorial Oliver Gonzalez (Torneo A)"]
[Site "Polideportivo Daoiz y Velarde,"]
[Date "2012.09.09"]
[Round "9"]
[White "Cruz Alvarez De Ron, Dan"]
[Black "Lopez Mulet, Inigo"]
[Result "1/2-1/2"]
[WhiteElo "2233"]
[BlackElo "2019"]
[PlyCount "21"]
[EventDate "2012.09.01"]
[EventRounds "9"]
[EventCountry "ESP"]

1. Nf3 Nf6 2. c4 c5 3. Nc3 Nc6 4. d4 cxd4 5. Nxd4 g6 6. e4 Nxd4 7. Qxd4 d6 8.
Be2 Bg7 9. Be3 O-O 10. Qd2 a5 11. O-O 1/2-1/2

[Event "III Memorial Oliver Gonzalez (Torneo A)"]
[Site "Polideportivo Daoiz y Velarde,"]
[Date "2012.09.09"]
[Round "9"]
[White "Montoya Pecurul, Marc"]
[Black "Montañes Arribas, Adrian"]
[Result "0-1"]
[WhiteElo "1925"]
[BlackElo "2200"]
[PlyCount "108"]
[EventDate "2012.09.01"]
[EventRounds "9"]
[EventCountry "ESP"]

1. e4 c5 2. Nf3 d6 3. d4 cxd4 4. Nxd4 Nf6 5. Nc3 a6 6. Bc4 e6 7. Bb3 Nbd7 8. f4
Nc5 9. f5 Bd7 10. Qf3 b5 11. a3 Be7 12. O-O Nxb3 13. cxb3 O-O 14. Be3 Qc7 15.
Rad1 Qb7 16. b4 Rac8 17. Kh1 Rxc3 18. bxc3 e5 19. Nb3 Qxe4 20. Qxe4 Nxe4 21.
Nc5 Bc6 22. Nxe4 Bxe4 23. Kg1 Rc8 24. Rc1 d5 25. Rf2 f6 26. g4 g6 27. fxg6 hxg6
28. Ra2 f5 29. gxf5 gxf5 30. a4 Kf7 31. axb5 Rg8+ 32. Kf1 Bd3+ 33. Ke1 Bxb5 34.
Rca1 f4 35. Bf2 Rg6 36. Rd2 Ke6 37. Rda2 Kf5 38. Rd2 Bc4 39. Ra5 Ke4 40. Kd1
Rg2 41. Kc2 Rxh2 42. Ra1 Kf3 43. Bc5 Rxd2+ 44. Kxd2 Bh4 45. Rh1 Bg3 46. Rh8 e4
47. Rf8 Kg2 48. Rg8 d4 49. Rxg3+ Kxg3 50. Bxd4 Kf3 51. Bc5 e3+ 52. Ke1 Ke4 53.
Bd6 f3 54. Bg3 Kf5 0-1

[Event "III Memorial Oliver Gonzalez (Torneo A)"]
[Site "Polideportivo Daoiz y Velarde,"]
[Date "2012.09.09"]
[Round "9"]
[White "Santos Ruiz, Miguel"]
[Black "Pastor Alonso De Prado, Albert"]
[Result "1/2-1/2"]
[WhiteElo "2050"]
[BlackElo "2172"]
[PlyCount "76"]
[EventDate "2012.09.01"]
[EventRounds "9"]
[EventCountry "ESP"]

1. e4 e5 2. Nf3 Nc6 3. Bb5 Bc5 4. O-O Qf6 5. c3 Nge7 6. Re1 O-O 7. d4 exd4 8.
e5 Qg6 9. cxd4 Nxd4 10. Nxd4 Qb6 11. Be3 Bxd4 12. Bxd4 Qxb5 13. Nc3 Qc6 14. Ne4
Qg6 15. Rc1 b6 16. Rxc7 Nd5 17. Rc1 Bb7 18. Qd2 f5 19. exf6 Nxf6 20. Ng3 Nd5
21. Re5 Nf4 22. f3 Ne6 23. Bc3 Rf7 24. Qc2 Qxc2 25. Rxc2 Rc8 26. Rd2 Rc5 27.
Rxc5 bxc5 28. Ne4 Bc6 29. Nd6 Rf8 30. b4 cxb4 31. Bxb4 Rf4 32. a3 a6 33. Re2
Rd4 34. Nf5 Rd1+ 35. Re1 Rxe1+ 36. Bxe1 Kf7 37. Bc3 d5 38. Nd4 Nxd4 1/2-1/2

[Event "III Memorial Oliver Gonzalez (Torneo A)"]
[Site "Polideportivo Daoiz y Velarde,"]
[Date "2012.09.09"]
[Round "9"]
[White "Pablos Tenrero, Raquel"]
[Black "Anton Veiga, Juan Carlos"]
[Result "0-1"]
[WhiteElo "1965"]
[BlackElo "2126"]
[PlyCount "96"]
[EventDate "2012.09.01"]
[EventRounds "9"]
[EventCountry "ESP"]

1. e4 c5 2. Nf3 d6 3. d4 cxd4 4. Nxd4 Nf6 5. Nc3 Nc6 6. g3 Nxd4 7. Qxd4 g6 8.
Bg2 Bg7 9. Bg5 Qa5 10. Bd2 O-O 11. Nd5 Qd8 12. Bc3 Be6 13. O-O Bxd5 14. exd5
Nh5 15. Qd2 Bxc3 16. Qxc3 Rc8 17. Qd2 Rc5 18. b3 Qc7 19. c4 b5 20. cxb5 Rxb5
21. Rac1 Qa5 22. Qe2 Rb7 23. Rc4 Rc7 24. Rfc1 Rxc4 25. Rxc4 Re8 26. Rc6 Nf6 27.
Ra6 Qc5 28. Qd2 Rc8 29. h3 Qc1+ 30. Qxc1 Rxc1+ 31. Kh2 Rc7 32. b4 Kf8 33. a4
Ke8 34. g4 g5 35. Kg3 Nd7 36. Rc6 Kd8 37. b5 Kc8 38. a5 Kb7 39. h4 h6 40. hxg5
hxg5 41. f4 f6 42. fxg5 fxg5 43. Be4 Nf6 44. Bf3 Rc8 45. Kf2 Rf8 46. Ke3 Nd7
47. Be2 Ne5 48. Rc1 Rh8 $138 0-1

[Event "III Memorial Oliver Gonzalez (Torneo A)"]
[Site "Polideportivo Daoiz y Velarde,"]
[Date "2012.09.09"]
[Round "9"]
[White "Ananian, Arman"]
[Black "Lorite Cruz, Francisco"]
[Result "0-1"]
[WhiteElo "1866"]
[BlackElo "2039"]
[PlyCount "122"]
[EventDate "2012.09.01"]
[EventRounds "9"]
[EventCountry "ESP"]

1. Nf3 c5 2. g3 Nc6 3. Bg2 g6 4. O-O Bg7 5. d3 e5 6. c4 Nge7 7. Nc3 d6 8. a3
O-O 9. Rb1 a5 10. Qa4 Bd7 11. Qc2 h6 12. Bd2 Re8 13. Nb5 Be6 14. b4 axb4 15.
axb4 cxb4 16. Bxb4 Nxb4 17. Rxb4 d5 18. Nd2 e4 19. dxe4 dxc4 20. Nxc4 Nc6 21.
Rbb1 Nd4 22. Qd3 Nxb5 23. Rxb5 Qc7 24. Ne3 Rad8 25. Nd5 Qb8 26. Rfb1 Bc8 27.
Qc4 Rd6 28. Rb6 Rxb6 29. Rxb6 Qa7 30. h4 Qa1+ 31. Kh2 Bd4 32. Ne7+ Rxe7 33.
Qxc8+ Kg7 34. Rd6 Bxf2 35. Rd8 Qe5 36. Rd3 b5 37. Qg4 Be1 38. Rd5 Qb8 39. h5 b4
40. hxg6 fxg6 41. e5 Qe8 42. Qf4 Rf7 43. Qg4 h5 44. Qe4 Bc3 45. e6 Re7 46. Bh3
Qc6 47. Qd3 Bf6 48. Rd7 Qb6 49. Qf3 Rxd7 50. exd7 b3 51. d8=Q Bxd8 52. Bd7 b2
53. Be8 Bf6 54. Bxg6 Kxg6 55. Qe4+ Kg7 56. Qd5 Qf2+ 57. Kh3 Qf1+ 58. Kh2 Qxe2+
59. Kh3 b1=Q 60. Qd7+ Qe7 61. Qd5 Qf1+ 0-1